| 000 | 00983nam a22002897a 4500 | ||
|---|---|---|---|
| 005 | 20240530110916.0 | ||
| 008 | 220510s2008 ua g 000 0 ara d | ||
| 017 |
_a2003/20997 _bمصر. دار الكتب |
||
| 020 | _a9771425560 | ||
| 040 |
_aEG-CaGPL _cEG-CaGPL |
||
| 082 | 0 | 4 |
_221 _a245/ _bم و |
| 100 | 0 | _aمحمد عمارة | |
| 245 | 1 | 2 |
_aالوسيط فى المذاهب والمصطلحات الاسلامية / _cتاليف محمد عمارة |
| 250 | _aط.5 | ||
| 260 |
_aالقاهرة : _bدار نهضة مصر للطبع والنشر ، _c2008. |
||
| 300 |
_a340 ص. ؛ _c19 سم. |
||
| 650 | 0 | 7 |
_2qrmak _aالسلفيون |
| 650 | 0 | 7 |
_2qrmak _aالخوارج |
| 650 | 0 | 7 |
_2qrmak _aالاشعرية |
| 650 | 0 | 7 |
_2qrmak _aالشيعة |
| 650 | 0 | 7 |
_2qrmak _aالقرامطة |
| 650 | 0 | 7 |
_2qrmak _aالوهابية |
| 650 | 0 | 7 |
_2qrmak _aالاخوان المسلمون |
| 651 | _2qrmak | ||
| 942 |
_2ddc _cBK |
||
| 999 |
_c66396 _d66396 |
||